| 000 | 00387nam a2200121Ia 4500 | ||
|---|---|---|---|
| 005 | 20260326100043.0 | ||
| 008 | 260326s9999||||xx |||||||||||||| ||und|| | ||
| 100 | _aOleas Serrano, Diego | ||
| 245 | 0 |
_aIII Foro Internacional de Arquitectura : _b Entre la enseñanza y la Práctica / _cDiego Oleas Serrano |
|
| 260 | _bUniversidad San Francisco de Quito | ||
| 650 | _aARQUITECTOS | ||
| 942 | _cBK | ||
| 999 |
_c7085 _d7085 |
||